| 000 | 00771nam a2200217Ia 4500 | ||
|---|---|---|---|
| 003 | GCL | ||
| 008 | 140319s9999 xx 000 0 ara d | ||
| 040 |
_aGCL / _cGCL |
||
| 082 | 0 | 4 |
_aم _b330.3 _bخ م |
| 100 | 1 | _aخليل احمد خليل | |
| 245 | 1 | 0 |
_aمعجم المصطلحات الاقتصادية : _bعربى - فرنسى - انكليزى / _cخليل احمد خليل |
| 250 | _aالاولى | ||
| 260 |
_aبيروت : _bدار الفكر اللبنانى ، _c1997 |
||
| 300 |
_a230 ص ؛ _c22 سم |
||
| 490 |
_aسلسلة المعاجم العلمية _v0 |
||
| 650 | 0 | 4 | _aالاقتصاد |
| 650 | 0 | 4 | _aالاحوال الاقتصادية |
| 650 | 0 | 4 | _aالاقتصاد - معاجم |
| 650 | 0 | 4 | _aالاقتصاد - مصطلحات |
| 942 |
_2ddc _cBK |
||
| 999 |
_c4873 _d4873 |
||